Top 100 des plus grandes villes de Chine - Statistiques

Statistiques générales
  • Ce quiz a été pris 85 fois
  • Le résultat moyen est 14 sur 100
Statistiques - réponses
Population Villes % Correct
22 427 000 Pékin
98%
24 956 000 Shanghai
95%
14 043 500 Canton
94%
12 952 907 Xi’an
78%
30 453 000 Chongqing
77%
8 312 700 Wuhan
72%
16 237 000 Tianjin
69%
11 908 400 Shenzhen
68%
5 015 000 Harbin
52%
6 320 000 Nankin
49%
9 468 000 Hangzhou
43%
7 450 785 Dalian
34%
10 420 600 Changsha
32%
5 245 000 Fuzhou
32%
7 457 027 Hefei
29%
7 935 000 Shenyang
29%
7 639 000 Ningbo
28%
7 005 000 Zhengzhou
28%
10 465 994 | 5 690 000 Suzhou
25%
8 460 088 Kunming
22%
5 319 028 Shantou
18%
10 784 600 Shijiazhuang
18%
8 741 584 Nanning
15%
5 305 061 Taiyuan
15%
7 674 439 Changchun
14%
6 445 777 Dongguan
12%
5 042 565 Nanchang
12%
5 968 838 Taizhou
12%
7 462 135 Wuxi
12%
6 042 852 Huizhou
9%
7 717 983 Tangshan
9%
8 669 000 Xuzhou
9%
9 498 863 Foshan
8%
7 726 635 Nantong
8%
9 386 705 Weifang
8%
6 251 929 Xinxiang
8%
5 054 328 Zhangzhou
8%
8 300 000 Ganzhou
6%
4 931 137 Guilin
6%
10 820 000 Linyi
6%
7 056 699 Luoyang
6%
6 183 000 Nanchong
6%
6 480 000 Quanzhou
6%
6 634 000 Xinyang
6%
4 559 797 Yangzhou
6%
6 516 900 Yantai
6%
7 265 000 Hengyang
5%
4 799 889 Huai’an
5%
4 759 000 Ji’an
5%
5 499 000 Tai’an
5%
5 040 000 Xianyang
5%
5b279 102 Changde
3%
4 592 431 Changzhou
3%
9 433 000 Handan
3%
5 400 868 Jiaxing
3%
4 676 159 Kaifeng
3%
4 838 000 Pingdingshan
3%
7 111 106 Xingtai
3%
7 260 240 Yancheng
3%
6 900 000 Zhanjiang
3%
5 117 000 Anyang
2%
8 360 000 Fuyang
2%
6 667 000 Huanggang
2%
4 798 090 Jiangmen
2%
7 050 683 Jinhua
2%
5 955 300 Liaocheng
2%
6 706 000 Maoming
2%
4 945 000 Mianyang
2%
9 713 112 Nanyang
2%
5 855 055 Qujing
2%
5 844 000 Xiangfan
2%
4 588 804 Yibin
2%
5 158 000 Yueyang
2%
5 796 766 Yulin
2%
6 606 675 Zunyi
2%
6 959 000 Bijie
0%
4 996 844 Bozhou
0%
7 300 783 Cangzhou
0%
5 385 422 Dazhou
0%
5 748 500 Dezhou
0%
4 558 000 Huaihua
0%
5 705 900 Jingzhou
0%
4 728 778 Jiujiang
0%
4 599 360 Lianyungang
0%
5 001 000 Meizhou
0%
5 187 200 Pudong
0%
7 816 831 Shangqiu
0%
6 579 714 Shangrao
0%
4 912 239 Shaoxing
0%
7 071 000 Shaoyang
0%
5 420 000 Suihua
0%
5 290 000 Suqian
0%
4 665 000 Xiaogan
0%
5 400 000 Yichun
0%
5 128 000 Yongzhou
0%
4 860 000 Yuncheng
0%
5 213 521 Zhaotong
0%
9 901 000 Zhoukou
0%
7 640 000 Zhumadian
0%
Aucun quiz correspondant
Distribution des résultats
% des personnes avec chaque résultat
Percentile par nombre de réponses
Votre historique - résultats
Vous n’avez pas pris ce quiz